[Event "DEM U12/U12w 2000"]
[Site "Überlingen GER"]
[Date "2000.06.09"]
[Round "10"]
[White "Stemmler, Lysan"]
[Black "Glowna, Uwe"]
[Result "0-1"]
[Termination "normal"]
[Board "39"]
[WhiteElo "447"]
[BlackElo "1001"]
[PlyCount "112"]
[WhiteFideId "24622451"]
[EventCountry "GER"]
[EventRounds "11"]
[EventType "swiss"]
[EventDate "2000.06.03"]

1. Nf3 d5 2. g3 e6 3. Bg2 Nf6 4. d3 c5 5. Nbd2 Nc6 6. O-O b6 7. e4 dxe4 8. dxe4
Be7 9. e5 Nd7 10. Re1 Bb7 11. a4 Qc7 12. Qe2 O-O 13. b3 Nb4 14. Nc4 Ba6 15. Bb2
Rfd8 16. Rac1 Nb8 17. h3 N8c6 18. Nh2 Rd7 19. Red1 Rad8 20. Rxd7 Rxd7 21. f4
Na5 22. Qe4 Nxc4 23. bxc4 Qd8 24. Qa8 Qxa8 25. Bxa8 Bxc4 26. Bg2 Rd2 27. Ba3
Rxc2 28. Rd1 Nd5 29. Ra1 a6 30. Be4 Ra2 31. Rxa2 Bxa2 32. Kf2 Bb3 33. Nf1 Bxa4
34. Nd2 b5 35. Ke2 g6 36. Nb1 Kf8 37. Kd2 Ke8 38. Nc3 Nxc3 39. Kxc3 Kd7 40. Bc1
Kc7 41. Kb2 Kb6 42. Bd2 b4 43. Bd3 Bb5 44. Be4 c4 45. Be1 Ka5 46. Bc2 Ba4 47.
Be4 Kb5 48. Ka2 Bb3+ 49. Kb2 a5 50. Bc2 Bxc2 51. Kxc2 a4 52. Kb1 b3 53. Kb2 a3+
54. Kc1 a2 55. Bc3 Bb4 56. Bb2 Ba3 0-1

[Event "DEM U12/U12w 2000"]
[Site "Überlingen GER"]
[Date "2000.06.09"]
[Round "10"]
[White "Opaska, Ines"]
[Black "Tischer, Jana"]
[Result "1-0"]
[Termination "normal"]
[Board "40"]
[WhiteElo "990"]
[BlackElo "749"]
[PlyCount "105"]
[BlackFideId "24617164"]
[EventCountry "GER"]
[EventRounds "11"]
[EventType "swiss"]
[EventDate "2000.06.03"]

1. c4 e5 2. Nc3 Nf6 3. Nf3 Bb4 4. Nxe5 Qe7 5. Nf3 d6 6. g3 Bg4 7. Bg2 O-O 8.
O-O Nc6 9. e3 Rad8 10. d4 Rfe8 11. Qc2 Qd7 12. a3 Bxc3 13. Qxc3 Ne4 14. Qd3 Bh3
15. d5 Bxg2 16. Kxg2 Nb8 17. b4 Qg4 18. Bb2 Nd7 19. Qd4 c5 20. dxc6 bxc6 21. h3
c5 22. hxg4 cxd4 23. Bxd4 Nb6 24. Bxb6 axb6 25. Rfc1 h6 26. Kf1 g6 27. Ke2 Rc8
28. Nd4 Kg7 29. Nb5 Red8 30. f3 Nf6 31. Kd3 d5 32. c5 bxc5 33. bxc5 Rb8 34. a4
g5 35. c6 Rdc8 36. c7 Rb6 37. Na7 Rb3+ 38. Ke2 Rb2+ 39. Kf1 Re8 40. c8=Q Rxe3
41. Rc2 Rbb3 42. Rf2 h5 43. Qf5 hxg4 44. fxg4 Rxg3 45. Qxf6+ Kh7 46. Rh2+ Rh3
47. Rxh3+ Rxh3 48. Qxf7+ Kh8 49. Qxd5 Kh7 50. Re1 Kg7 51. Qxg5+ Kf7 52. Re7+
Kf8 53. Qg7# 1-0

[Event "DEM U12/U12w 2000"]
[Site "Überlingen GER"]
[Date "2000.06.09"]
[Round "10"]
[White "Stelter, Christoph"]
[Black "Walker, Maria"]
[Result "1/2-1/2"]
[Termination "normal"]
[Board "41"]
[WhiteElo "959"]
[BlackElo "844"]
[PlyCount "39"]
[EventCountry "GER"]
[EventRounds "11"]
[EventType "swiss"]
[EventDate "2000.06.03"]

1. e4 c5 2. Nf3 d6 3. d4 cxd4 4. Nxd4 Nf6 5. Nc3 a6 6. Bc4 Nc6 7. Bg5 e6 8. O-O
Be7 9. Re1 O-O 10. Qd2 Qc7 11. Rad1 Re8 12. Bxf6 Bxf6 13. Nxc6 Qxc6 14. Bb3 Be7
15. Qd4 b5 16. a4 Bb7 17. axb5 axb5 18. Qb4 Ba6 19. Qd4 Bb7 20. Qb4 1/2-1/2

[Event "DEM U12/U12w 2000"]
[Site "Überlingen GER"]
[Date "2000.06.09"]
[Round "10"]
[White "Kessler, Paul"]
[Black "Goedeke-Tort, Maheba"]
[Result "1-0"]
[Termination "normal"]
[Board "42"]
[WhiteElo "654"]
[BlackElo "916"]
[PlyCount "125"]
[EventCountry "GER"]
[EventRounds "11"]
[EventType "swiss"]
[EventDate "2000.06.03"]

1. e4 e5 2. Nf3 Nc6 3. Bb5 a6 4. Bxc6 dxc6 5. O-O Bc5 6. Nxe5 Nf6 7. d3 Qe7 8.
Nf3 Bg4 9. Bg5 O-O 10. Nbd2 Rad8 11. e5 Bd4 12. exf6 Bxf6 13. Bxf6 Qxf6 14. Rb1
Rfe8 15. h3 Bf5 16. Re1 Qg6 17. Nh4 Qg5 18. Nxf5 Qxf5 19. Qf3 Qg5 20. Ne4 Qa5
21. a3 f5 22. Nc3 g6 23. Rxe8+ Rxe8 24. Kf1 Qe5 25. Qe2 Qxe2+ 26. Nxe2 b5 27.
Re1 c5 28. Nf4 Kf8 29. Rxe8+ Kxe8 30. Ne6 Ke7 31. Nxc5 a5 32. Ke2 Kd6 33. Nb3
a4 34. Nd4 c6 35. Nf3 Kd5 36. Ng5 h6 37. Nf7 h5 38. Nh6 g5 39. f3 c5 40. Nf7 g4
41. hxg4 fxg4 42. fxg4 hxg4 43. Nh6 b4 44. Nxg4 Kd4 45. Kd2 Kd5 46. Ne3+ Ke5
47. g4 Kf4 48. c3 b3 49. Ke2 Ke5 50. Kf3 Kf6 51. Kf4 Kg6 52. Nc4 Kh6 53. Nb6
Kg6 54. Nc4 Kh6 55. Nb6 Kg6 56. Nxa4 Kf6 57. Nxc5 Kg6 58. g5 Kh5 59. Nxb3 Kg6
60. Nc5 Kg7 61. Ne6+ Kg6 62. Kg4 Kf7 63. Kf5 1-0

[Event "DEM U12/U12w 2000"]
[Site "Überlingen GER"]
[Date "2000.06.09"]
[Round "10"]
[White "Dietzen, Corinna"]
[Black "Bräutigam, Thorben"]
[Result "0-1"]
[Termination "normal"]
[Board "43"]
[WhiteElo "385"]
[BlackElo "1123"]
[PlyCount "56"]
[WhiteFideId "24621021"]
[EventCountry "GER"]
[EventRounds "11"]
[EventType "swiss"]
[EventDate "2000.06.03"]

1. e4 e5 2. Nf3 Nc6 3. Bc4 Bc5 4. d3 d6 5. h3 Be6 6. Bb3 Qd7 7. Ng5 Nf6 8. Nc3
h6 9. Nf3 O-O-O 10. Ba4 Kb8 11. Bb3 Rhf8 12. Nd5 Nd4 13. Nxd4 Bxd4 14. Qf3 Nxd5
15. exd5 Bf5 16. c3 Bb6 17. Bc4 g5 18. g4 Bg6 19. a4 f5 20. Qg2 fxg4 21. hxg4
Bxf2+ 22. Kd1 Qh7 23. Qh3 Rf4 24. Bxf4 exf4 25. Rf1 Bh4 26. Ra3 Re8 27. d4 Bb1
28. Kd2 Qc2# 0-1

[Event "DEM U12/U12w 2000"]
[Site "Überlingen GER"]
[Date "2000.06.09"]
[Round "10"]
[White "Slobodan, Nadja"]
[Black "Garzinsky, Dominik"]
[Result "1-0"]
[Termination "normal"]
[Board "44"]
[WhiteElo "766"]
[BlackElo "648"]
[PlyCount "151"]
[EventCountry "GER"]
[EventRounds "11"]
[EventType "swiss"]
[EventDate "2000.06.03"]

1. e4 d5 2. exd5 Qxd5 3. Nc3 Qa5 4. Nf3 c6 5. g3 Bg4 6. Bg2 Nf6 7. O-O e6 8. d3
Bd6 9. Bg5 Be7 10. Bf4 Nbd7 11. h3 Bh5 12. Re1 O-O 13. Ne4 e5 14. Nxf6+ Bxf6
15. Bd2 Qd8 16. Bc3 h6 17. Qd2 Re8 18. g4 Bg6 19. Re2 e4 20. Bxf6 Nxf6 21. dxe4
Qxd2 22. Nxd2 Nd5 23. Rae1 Nf4 24. Re3 Re7 25. Kh2 Bh7 26. Kg3 g5 27. c3 Rd8
28. Nb3 b6 29. e5 Bc2 30. Bxc6 Bxb3 31. axb3 Rd2 32. Be4 Rxb2 33. Rb1 Ra2 34.
Bf5 h5 35. gxh5 Nxh5+ 36. Kf3 Kg7 37. h4 Kh6 38. hxg5+ Kxg5 39. Bg4 Ng7 40.
Rbe1 Ne8 41. e6 f5 42. Bh3 Rh7 43. Bg2 a5 44. e7 a4 45. bxa4 Rxa4 46. Ke2 Rh2
47. Kf1 Rg4 48. Rg3 Rxg3 49. fxg3 Kg4 50. Re3 Rh6 51. Bd5 Rh8 52. Bc6 Kg5 53.
Kf2 Rh2+ 54. Kf1 Rh8 55. Kg2 Kg4 56. Bxe8 Rxe8 57. Kf2 f4 58. gxf4 Kxf4 59. Ke2
Kf5 60. Kd3 Kf6 61. Kc4 Rxe7 62. Rxe7 Kxe7 63. Kb5 Kd7 64. Kxb6 Kc8 65. c4 Kb8
66. c5 Kc8 67. Kc6 Kd8 68. Kb7 Kd7 69. c6+ Ke6 70. c7 Ke5 71. c8=Q Kd6 72. Qf5
Ke7 73. Kc6 Ke8 74. Qh7 Kf8 75. Kd6 Ke8 76. Qe7# 1-0

[Event "DEM U12/U12w 2000"]
[Site "Überlingen GER"]
[Date "2000.06.09"]
[Round "10"]
[White "Riedel, Kristina"]
[Black "Janiesch, Maike"]
[Result "0-1"]
[Termination "normal"]
[Board "45"]
[WhiteElo "765"]
[BlackElo "465"]
[PlyCount "78"]
[WhiteFideId "24659282"]
[EventCountry "GER"]
[EventRounds "11"]
[EventType "swiss"]
[EventDate "2000.06.03"]

1. e4 e5 2. Nf3 Nc6 3. Nc3 Nf6 4. d4 Bb4 5. Bg5 h6 6. Bh4 g5 7. Bg3 Nxe4 8. Qd3
Nxc3 9. bxc3 Ba5 10. Nxe5 Nxe5 11. Bxe5 Qe7 12. Be2 f6 13. Qg6+ Qf7 14. Qxf7+
Kxf7 15. Bc4+ Ke7 16. Bxf6+ Kxf6 17. O-O Bxc3 18. Rad1 d6 19. Rd3 Bb4 20. c3
Ba5 21. Rf3+ Kg6 22. Bf7+ Kg7 23. c4 Rf8 24. Bd5 Rxf3 25. Bxf3 Be6 26. d5 Bf5
27. g4 Bd3 28. Rc1 Re8 29. c5 Re1+ 30. Rxe1 Bxe1 31. cxd6 cxd6 32. Kg2 b5 33.
Kg3 b4 34. Bd1 Be4 35. Bb3 a5 36. h4 gxh4+ 37. Kxh4 Bxf2+ 38. Kh3 a4 39. Bc4
Kf6 0-1

[Event "DEM U12/U12w 2000"]
[Site "Überlingen GER"]
[Date "2000.06.09"]
[Round "10"]
[White "Laake, Jasmin"]
[Black "Roj, Michaela"]
[Result "1/2-1/2"]
[Termination "normal"]
[Board "46"]
[WhiteElo "633"]
[BlackElo "1028"]
[PlyCount "25"]
[WhiteFideId "4699939"]
[EventCountry "GER"]
[EventRounds "11"]
[EventType "swiss"]
[EventDate "2000.06.03"]

1. e4 Nf6 2. Nc3 Nc6 3. d4 e6 4. Bg5 h6 5. Bh4 g5 6. Bg3 Bb4 7. Qf3 Nxd4 8. Qd3
Nc6 9. Nf3 d6 10. e5 Nxe5 11. Nxe5 dxe5 12. Qxd8+ Kxd8 13. Bxe5 1/2-1/2

[Event "DEM U12/U12w 2000"]
[Site "Überlingen GER"]
[Date "2000.06.09"]
[Round "10"]
[White "Bodenschatz, Monique"]
[Black "Mayer, Carina"]
[Result "1/2-1/2"]
[Termination "normal"]
[Board "48"]
[WhiteElo "350"]
[BlackElo "401"]
[PlyCount "68"]
[EventCountry "GER"]
[EventRounds "11"]
[EventType "swiss"]
[EventDate "2000.06.03"]

1. d4 d6 2. c4 e6 3. Nc3 Nc6 4. Nf3 Nf6 5. Bg5 h6 6. Bxf6 Qxf6 7. e4 e5 8. d5
Ne7 9. Be2 Ng6 10. O-O Nf4 11. Nb5 Qe7 12. Bd3 Nxd3 13. Qxd3 a6 14. Nc3 Qf6 15.
Ne2 Qg6 16. Ng3 Be7 17. h4 O-O 18. h5 Qg4 19. Nh2 Qd7 20. Nf5 Bf6 21. Qg3 Qd8
22. Ng4 Bxf5 23. Nxh6+ Kh8 24. Nxf5 b5 25. Rac1 bxc4 26. Rxc4 Rb8 27. b3 Rg8
28. Qh3 Rb5 29. h6 g6 30. h7 Rf8 31. Nh6 Bg7 32. Ng4 Qg5 33. g3 Rb7 34. f4 Qh5
1/2-1/2

[Event "DEM U12/U12w 2000"]
[Site "Überlingen GER"]
[Date "2000.06.09"]
[Round "10"]
[White "Scholz, Katharina"]
[Black "Hahn, Eva-Katharina"]
[Result "1/2-1/2"]
[Termination "normal"]
[Board "49"]
[WhiteElo "750"]
[BlackElo "392"]
[PlyCount "65"]
[EventCountry "GER"]
[EventRounds "11"]
[EventType "swiss"]
[EventDate "2000.06.03"]

1. d4 d5 2. c4 dxc4 3. e3 Qd5 4. Nc3 Qc6 5. Nf3 Qa6 6. b3 Be6 7. Be2 Nc6 8. O-O
Na5 9. Bb2 Qd6 10. Nd2 O-O-O 11. bxc4 Nf6 12. c5 Qc6 13. Nf3 Bc4 14. Ne5 Qe6
15. Bxc4 Nxc4 16. Nxc4 Qxc4 17. Qa4 Qxa4 18. Nxa4 Ne4 19. Nc3 Nd2 20. Rfd1 Nc4
21. Rab1 Nxb2 22. Rxb2 e5 23. dxe5 Bxc5 24. Rdb1 b6 25. Nb5 Rd5 26. Nxa7+ Kb7
27. Nb5 Rhd8 28. g3 Rd1+ 29. Rxd1 Rxd1+ 30. Kg2 c6 31. Nc3 Rd3 32. Ne4 Ba3 33.
Rb3 1/2-1/2